=LDR 00000nam 2200000 4500 =001 INLIS000000000013462 =005 20240223075552 =035 ##$$a 0010-061300000013462 =008 240223###########################0#ind## =041 ##$$a Ind =082 ##$$a 391.2 =090 ##$$a 391.2, Qar l =100 ##$$a Qaradhawi, Yusup Al =245 1#$$a Larangan berjilbab : $b Studi kasus di perancis /$c Dr. Yusup Al - Qaradhawi =260 ##$$a Jakarta :$b Gema Insani,$c 2004 =300 ##$$a 130 hlm ; $c 20 cm =650 #4$$a Jilbab =850 ##$$a NBPNMAT =020 ##$$a 979-561-913-6 =084 ##$$a 391.2 QAR l =990 ##$$a 0001/BPAP-NTB/20142015